000 01403cam a2200397 i 4500
999 _c117270
_d117270
001 17333472
003 OSt
005 20200613155036.0
008 120606s2010 ii bs 000 0 kano
010 _a 2012352057
020 _a9789380994482
025 _aI-Kan-2012-352057; 22-92
037 _bLibrary of Congress -- New Delhi Overseas Office
040 _aDLC
_beng
_cDLC
_erda
_dDLC
042 _alcode
_apcc
043 _aa-ii---
050 0 0 _aHD1333.I42
_bC363 2010
082 _a333.31 CHA
100 1 _aCandrapūjāri, Eṃ.
245 1 0 _aYākīga bhūmi praśṇe? /
_cEṃ. Candra Pūjāri.
246 1 _iTitle on title page verso in roman:
_aYaakiga bumi prasne?
264 1 _aHaṃpi :
_bPrasārāṅga, Kannaḍa Viśvavidyālaya,
_c2010.
300 _a157 pages ;
_c22 cm
336 _atext
_2rdacontent
337 _aunmediated
_2rdamedia
338 _avolume
_2rdacarrier
500 _aIncludes statistical tables.
504 _aIncludes bibliographical references (pages 151-157).
520 _aStudy on land reforms and its impact on political, economical problems; with reference to Karnataka, India.
546 _aIn Kannada.
650 0 _aLand reform
_zIndia
_zKarnataka.
651 0 _aKarnataka (India)
_xEconomic conditions.
906 _a7
_bcbc
_corigode
_d3
_encip
_f20
_gy-gencatlg
942 _2ddc
_cIR